LEADER 01133nam a2200289 i 4500 001 000000136944 003 CaOOAMICUS 005 20050405000000.0 008 050405s1991 it u000 u ita u 013 $a110681 020 $a88-304-1033-0 040 $aSeMil$bita 100 1 $aWest, Morris,$d<1916-1999>.$0(OLS)http://semarc/name/39157 245 13$aIl grande mediatore /$cromanzo di Morris West ; traduzione di Roberta Rambelli. 260 $aMilano :$bLonganesi & C.,$ccopyr. 1991. 300 $a337 p. ;$c22 cm. 490 0 $aLa gaja scienza ;$v345 500 $aFondo Card. C.M. Martini. 700 1 $aRambelli Pollini, Roberta.$0(OLS)http://semarc/name/17078 830 3$aLa gaja scienza ;$v345.$0(OLS)http://semarc/title/1166 850 $aSeMil 852 $aSeMil$W1$xVenegono$y1$m1P IV 28$j90518$B90518$CSeMilBibl$Z2$F95356 $81 941 1 $a4 961 $aOmaggio: Martini Card. Carlo Maria 996 $6020$a88-304-1033-0$9(OLS)http://semarc/number/124557 996 $6245$aIl grande mediatore$9(OLS)http://semarc/title/200096 996 $6260$aMilano :$bLonganesi & C.$9(OLS)http://semarc/publisher/31590 LEADER 01541nam a2200313 i 4500 001 000000229068 003 CaOOAMICUS 005 20251107125421.0 008 140424s1821 it u000 u ita u 013 $a207970 026 $ao.ui coa, e,ra ocvo (7) 1821 (A) 040 $aSeMil$bita 100 0 $aAugustinus, Aurelius,$c.$0(OLS)http://semarc/name/498 245 10$aDella dottrina cristiana libri quattro di S. Aurelio Agostino tradotti da Giampietro Bergantini. 260 $aMilano :$bPlacido Maria Visaj,$c1821. 300 $a351, [1] p. ;$c12°. 490 0 $aAntologia morale, ascetica, oratoria : scelta dalle opere migliori dei padri della chiesa greci e latini .. ;$v17 700 1 $aBergantini, Gian Pietro <1685-1764>.$0(OLS)http://semarc/name/79138 700 1 $aVisaj, Placido Maria,$c.$0(OLS)http://semarc/name/13585 830 0$aAntologia morale, ascetica, oratoria : scelta dalle opere migliori dei padri della chiesa greci e latini ... ;$v17.$0(OLS)http://semarc/title/327724 850 $aSeMil 852 $aSeMil$W1$xVenegono$y1$m2S I 51 FA$j179414$B179414$CSeMilBibl$Z2$F190512 $8I 900 1 $aAgostino : d'Ippona. 900 1 $aSant'Agostino. 996 $6245$aDella dottrina cristiana libri quattro di S. Aurelio Agostino tradotti da Giampietro Bergantini$9(OLS)http://semarc/title/327729 996 $6260$aMilano :$bPlacido Maria Visaj$9(OLS)http://semarc/publisher/31736